000 00470nam a2200181Ia 4500
001 14665
005 20260306164931.0
008 260306t2017||||xx |||||||||||||| ||spa||
041 _aESP
082 _a515.43076
_bV66
100 _aVillarreal Castro, Genner
_eAUT
245 0 _aProblemas resueltos de cálculo integral para ingenieros civiles
260 _c2017
300 _a59 páginas :
_c29 cm.
650 _aGEN
654 _aCMA
942 _cLIB
_dJUS
_fJUS
_2ddc
_n
999 _c14665
_d14665